Raising a responsible child

Bibliographic Details
Main Author: Dinkmeyer, Don
Other Authors: McKay, Gary D.
Format: Book
Published: New York : Simon & Schuster,Inc. , 1982
Subjects:

MARC

LEADER 00000cam a2200000 7i4500
001 0000009769
002 000010637
005 20000330.0
020 |a 0671447491 
090 0 0 |a 649.1   |b DIN 
100 1 |a Dinkmeyer, Don   |f Dr 
245 1 0 |a Raising a responsible child   |c practical steps to successful family relationships   |c Dr.Don Dinkmeyer and Dr. Gary D.McKay 
260 |a New York :   |b Simon & Schuster,Inc. ,   |c 1982 
300 |a 256 p. ;   |c 22 cm. 
650 0 0 |a Child rearing 
650 0 0 |a Parenting 
700 1 |a McKay, Gary D.   |f Dr 
999 |a 018439   |b BUKU   |c PINJAMAN   |e PERPUSTAKAAN KOMUNITI PETALING JAYA